Statistics for Dr Who records, firsts, lasts and unique attributes

Click here to take the quiz!

General Stats

  • This quiz has been taken 54 times
  • The average score is 5 of 21

Answer Stats

HintAnswer% Correct
Actor to play Dr Who the longestTom Baker
100%
First companion to leave the doctorSusan
55%
Last serial in black and whiteThe War Games
43%
First serial broadcast in colourSpearhead from Space
39%
First serial to feature The MasterTerror of the Autons
37%
Longest running Dr Who companion (consecutive episodes)Jamie McCrimmon
27%
Only classic serial not to feature a companion with the DoctorThe Deadly Assassin
25%
Most viewed on broadcast serial of all timeThe City of Death
22%
Only serial not to feature the DoctorMission to the Unknown
20%
Last serial made of 7 episodesInferno
18%
Longest Dr Who serial of all timeThe Daleks' Masterplan
16%
Only serial to have the TARDIS' chameleon circuit in operationAttack of the Cybermen
14%
Only recurring companion to never have been inside the TARDISLiz Shaw
12%
Most on-screen deaths of any serial (53)Resurrection of the Daleks
10%
First serial to feature the cliffhanger 'sting'The Ambassadors of Death
4%
Last serial to feature the original TARDIS modelThe Seeds of Doom
4%
First line spoken in Dr Who"Night, Miss Wright"
2%
Last serial to feature original 1963 Dr Who theme tuneThe Horns of Nimon
2%
Last serial to feature no human characters at allThe Keeper of Traken
2%
First serial to feature Jelly-babiesThe Dominators
0%
Only serial to have no writer's creditThe Mind Robber
0%

Score Distribution

Percentile by Number Answered

Percent of People with Each Score

Your Score History

You have not taken this quiz